000 00411nam a2200169Ia 4500
008 230524s9999 xx 000 0 und d
020 _a9788192869261
082 _a627.2
_bSRI
100 _aR.Srinivasan
245 0 _aHarbour Dock And Tunnel Engineering
250 _a27
260 _aGujarat
_bCharotar
_c2015
300 _a"xiv,406p;"
500 _aQuantity Number: 22
650 _aCivil
942 _cBK
999 _c55993
_d55993